Представление документа в формате RUSMARC

ПолеНазваниеЗначение
  Тип записи a
  Библиографический уровень m
001 Контрольный номер d0cb54a9373d48f6ad9818168bb47922
005 Дата корректировки 20170420095905.4
010 Индекс ISBN __
a ISBN 978-5-406-00903-1
100 Данные общей обработки __
a Данные общей обработки 19020129 |||y0 y0189 ca
101 Язык документа 0_
a Язык текста rus
105 Кодированные данные (монография) __
a Кодированные данные (монография) zy
200 Заглавие и сведения об ответственности 0_
a Заглавие Управление персоналом организации
e Сведения, относящиеся к заглавию Учебник
f Первые сведения об ответственности Н.В. Федорова, О. Ю. Минченкова
b Общее обозначение материала Текст
210 Выходные данные 1_
a Место издания М
c Издательство КноРус
d Дата издания 2011
215 Физическое описание __
a Объем 536 с.
610 Ключевые слова 0_
a Ключевые слова Управление персоналом
a Ключевые слова Менеджмент персонала
a Ключевые слова Управление персоналом организации
a Ключевые слова Методологические основы управления персоналом
a Ключевые слова Формирование персонала организации
a Ключевые слова Использование персонала организации
a Ключевые слова Методы управления персоналом организации
a Ключевые слова Развитие персонала организации
a Ключевые слова учебник
a Ключевые слова гриф
a Ключевые слова высшее образование
675 Индекс УДК __
a Индекс УДК 658.014.1
686 Индексы других классификаций __
a Классификационный индекс 65.291.6-21
700 Автор _1
a Фамилия Федорова
b Имя Н.В.
g Полное личное имя Наталья Васильевна
701 Альтернативная интеллектуальная ответственность _1
a Фамилия Минченкова
b Имя О. Ю.
g Полное личное имя Ольга Юрьевна
e Роль лиц Автор
4 Код отношения 070
801 Источник записи _1
a Страна ru
b Организация РУК
c Дата составления 20170420
852 Данные о местонахождении __
j Шифр хранения ББК 65.291.6-21
i Авторский знак Ф 33
852 Данные о местонахождении __
p Инвентарный номер 825028
p Инвентарный номер 825029
901 Тип документа __
t Тип документа m
937 Технологическая информация __
a Создатель записи (имя) Мясникова
938 Служебная информация __
a Название организации Головной вуз
952 Тип литературы __
b Гриф литературы для ВШ гриф УМО
c Вид литературы учебник